La estructura de las lenguas.

Guardat en:
Dades bibliogràfiques
Autor principal: Hagège, Claude (autor)
Format: Llibre
Idioma:anglès
Publicat: Madrid, España: Gredos, 1987.
Col·lecció:Biblioteca Románica Hispánica. III Manuales, 67.
Matèries:
Etiquetes: Afegir etiqueta
Sense etiquetes, Sigues el primer a etiquetar aquest registre!

MARC

LEADER 00000nam a2200000 a 4500
001 UCQ2756
003 CL-VaPUC
005 20220822114503.0
008 220614b1987 ||||| |||| 00| 0 eng d
999 |c 436003  |d 436001 
020 |a 84-249-1097-4 
040 |c Pontificia Universidad Católica de Valparaíso 
082 0 4 |a 401 HAG 1987  |2 21 
100 0 |a Hagège, Claude  |e autor  |9 416812 
245 1 3 |a La estructura de las lenguas. 
260 |a Madrid, España:  |b Gredos,  |c 1987. 
300 |a 167 páginas  
490 0 |a Biblioteca Románica Hispánica. III Manuales,   |v 67. 
500 |a c.1 Donación Familia Prof. Alejandro Guzmán Brito. 
583 |a last modification  |c 19980731 00:00:00  |k Cristina María Rojas Aguilar 
650 |a Lingüística  |x Lenguas  |9 870640 
942 |c BK  |2 ddc  |n 0 
952 |0 0  |1 0  |2 ddc  |4 0  |6 401_000000000000000_HAG_1987  |7 0  |8 C_AGB  |9 583676  |a BIBDER  |b BIBDER  |d 2022-06-14  |e Donación   |i 5651804  |o 401 HAG 1987  |p 5651804  |r 2023-01-25  |t 1  |w 2022-06-14  |y BK_US  |k AGB